000 00587nam a2200169 a 4500
001 000035608
005 20200930074453.0
008 111105s2008 bl a 000 0 spa d
020 _a9788599508060
040 _aDO-SdBNP
_bspa
_cBNPHU
082 _axxx
_bA848m, 2008
100 1 _aBarbosa, Francisco de Assis,
_d1914-
_961512
245 1 0 _aMachado de assis em miniatura :
_bum perfil biográfico /
_cFrancisco de Assis Barbosa.
250 _a2a. ed.
260 _aBrasília, DF :
_bMinistério da Cultura, Fundação Biblioteca Nacional
_bBatel,
_c2008.
300 _a110 p. :
_bil. ;
_c21 cm.
999 _c35099
_d35099